Cinco formas de equivocarse en un cambio de empleo (Registro nro. 10950)
[ vista simple ]
| 000 -LEADER | |
|---|---|
| fixed length control field | 00392 a2200109 4500 |
| 001 - CONTROL NUMBER | |
| control field | ART_14899 |
| 005 - DATE AND TIME OF LATEST TRANSACTION | |
| control field | 20260410161614.0 |
| 008 - FIXED-LENGTH DATA ELEMENTS--GENERAL INFORMATION | |
| fixed length control field | 260409a |
| 100 1# - MAIN ENTRY--PERSONAL NAME | |
| Personal name | Groysberg, Boris |
| 245 10 - TITLE STATEMENT | |
| Title | Cinco formas de equivocarse en un cambio de empleo |
| 773 0# - HOST ITEM ENTRY | |
| Title | Harvard Business Review |
| Related parts | Reinvente : su empresa, su estrategia, su carrera - Vol. 88, Nº 1 (ene./feb. 2010) |
| Record control number | REV340 |
No hay ítems disponibles.